000 00531nam a22001937a 4500
003 KOHA_MİRAKIL
005 20250926162317.0
008 250926b tu ||||| |||| 00| 0 tur d
020 _a9786258344103
040 _aTR-AnABB
_btur
_cTR-AnABB
041 _atur
082 _a828.3354
_bGER 2022
100 1 _aGerritsen, Tess,
245 1 0 _aMefisto kulübü /
_cTess Gerritsen
260 _aİstanbul :
_bDoğan Kitap,
_c2022
300 _a400 sayfa ;
_c21 cm
650 0 4 _aAmerikan edebiyatı, roman
942 _2ddc
_cBK
999 _c8934
_d8934
900 _bGizem YORULMAZ